000 00809nam a22001937a 4500
999 _c80895
_d80895
008 201130b ||||| |||| 00| 0 eng d
040 _bger
_cDE-2950
_erda
_aDE-2950
041 _ager
100 _aSchröder, Dietrich:
245 _aEhepaar von Quelle und Mündung an der Oder.
_bTourismus: Fahrgastschiffe auf dem Grenzfluss sind heute eine Seltenheit, auch wegen der Proteste von Naturschützern. Dieter und Erika Unger erinnern sich an andere Zeiten /
_cDietrich Schröder
653 _aFrankfurt (Oder)
653 _aStettin
653 _aOder / Schifffahrt
773 _dFrankfurt (Oder): Märkisches Verlags- und Druckhaus GmbH & Co KG
_g32. Jahrgang (2021) Nr. 76 vom 01.04.2021, S. 8
_tMärkische Oderzeitung
942 _cA